[Event "Stay Safe Play From Home 296"]
[Site "Emanuel Lasker Arena"]
[Date "2020.07.12"]
[Round "2"]
[White "Chase the sun"]
[Black "Trotsky"]
[Result "1-0"]
[WhiteElo "1863"]
[BlackElo "1590"]
[Annotator "NA"]
[PlyCount "69"]
[EventDate "2020.07.12"]
[EventType "swiss (blitz)"]

{Lerch, Martin Erik} 1. e4 {[%emt 0:00:01]} c5 {[%emt 0:00:01]} 2. Nc3 {[%emt 0:00:01]} e6 {[%emt 0:00:00]} 3. g3 {[%emt 0:00:01]} d5 {[%emt 0:00:01]} 4. exd5 {[%emt 0:00:00]} exd5 {[%emt 0:00:01]} 5. Bg2 {[%emt 0:00:00]} Be6 {[%emt 0:00:01]} 6. d3 {[%emt 0:00:00]} a6 {[%emt 0:00:01]} 7. f4 {[%emt 0:00:01]} Nc6 {[%emt 0:00:01]} 8. Nf3 {[%emt 0:00:01]} Bd6 {[%emt 0:00:01]} 9. O-O {[%emt 0:00:01]} Qc7 {[%emt 0:00:00]} 10. Bd2 {[%emt 0:00:02]} O-O-O {[%emt 0:00:01]} 11. a3 {[%emt 0:00:03]} h5 {[%emt 0:00:01]} 12. h3 {[%emt 0:00:04]} Nh6 {[%emt 0:00:01]} 13. b4 {[%emt 0:00:02]} g5 {[%emt 0:00:01]} 14. Qe2 {[%emt 0:00:02]} gxf4 {[%emt 0:00:01]} 15. gxf4 {[%emt 0:00:01]} Rdg8 {[%emt 0:00:02]} 16. bxc5 {[%emt 0:00:01]} Bxf4 {[%emt 0:00:02]} 17. Bxf4 {[%emt 0:00:02]} Qxf4 {[%emt 0:00:01]} 18. d4 {[%emt 0:00:01]} Ng4 {[%emt 0:00:01]} 19. Na4 {[%emt 0:00:10]} Ne3 {[%emt 0:00:01]} 20. Nb6+ {[%emt 0:00:03]} Kb8 {[%emt 0:00:01]} 21. Rf2 {[%emt 0:00:01]} Rg7 {[%emt 0:00:02]} 22. Re1 {[%emt 0:00:03]} Rhg8 {[%emt 0:00:01]} 23. Qxe3 {[%emt 0:00:02]} Qc7 {[%emt 0:00:06]} 24. Ne5 {[%emt 0:00:03]} Bxh3 {[%emt 0:00:01]} 25. Nxc6+ {[%emt 0:00:02]} bxc6 {[%emt 0:00:01]} 26. Qxh3 {[%emt 0:00:01]} Ka7 {[%emt 0:00:04]} 27. Rfe2 {[%emt 0:00:01]} Qf4 {[%emt 0:00:01]} 28. Re7+ {[%emt 0:00:01]} Kb8 {[%emt 0:00:03]} 29. Re8+ {[%emt 0:00:01]} Ka7 {[%emt 0:00:01]} 30. Rxg8 {[%emt 0:00:02]} Qxd4+ {[%emt 0:00:01]} 31. Kh1 {[%emt 0:00:01]} Rxg8 {[%emt 0:00:01]} 32. Qd7+ {[%emt 0:00:00]} Kb8 {[%emt 0:00:02]} 33. Re8+ {[%emt 0:00:02]} Rxe8 {[%emt 0:00:01]} 34. Qxe8+ {[%emt 0:00:00]} Kc7 {[%emt 0:00:01]} 35. Qc8# {[%emt 0:00:00] (Lag: Av=0.30s, max=0.6s)} 1-0

[Event "Stay Safe Play From Home 296"]
[Site "Emanuel Lasker Arena"]
[Date "2020.07.12"]
[Round "2"]
[White "Klasman"]
[Black "Klausen"]
[Result "0-1"]
[WhiteElo "1346"]
[BlackElo "1786"]
[Annotator "NA"]
[PlyCount "52"]
[EventDate "2020.07.12"]
[EventType "swiss (blitz)"]

1. f4 {[%emt 0:00:02]} e5 {[%emt 0:00:02]} 2. fxe5 {[%emt 0:00:01]} d6 {[%emt 0:00:01]} 3. Nf3 {[%emt 0:00:02]} dxe5 {[%emt 0:00:01]} 4. e4 {[%emt 0:00:01]} Bc5 {[%emt 0:00:02]} 5. b4 {[%emt 0:00:02]} Bxb4 {[%emt 0:00:01]} 6. c3 {[%emt 0:00:02]} Bc5 {[%emt 0:00:02]} 7. d4 {[%emt 0:00:01]} exd4 {[%emt 0:00:01]} 8. cxd4 {[%emt 0:00:01]} Bb4+ {[%emt 0:00:01]} 9. Nbd2 {[%emt 0:00:02]} Qe7 {[%emt 0:00:01]} 10. Qa4+ {[%emt 0:00:03]} Nc6 {[%emt 0:00:02]} 11. d5 {[%emt 0:00:03]} Qxe4+ {[%emt 0:00:02]} 12. Be2 {[%emt 0:00:01]} Qxd5 {[%emt 0:00:02]} 13. O-O {[%emt 0:00:06]} Nf6 {[%emt 0:00:01]} 14. Bb5 {[%emt 0:00:01]} Bc5+ {[%emt 0:00:03]} 15. Kh1 {[%emt 0:00:06]} O-O {[%emt 0:00:01]} 16. Bxc6 {[%emt 0:00:03]} Qxc6 {[%emt 0:00:02]} 17. Qxc6 {[%emt 0:00:02]} bxc6 {[%emt 0:00:01]} 18. Bb2 {[%emt 0:00:02]} Nd5 {[%emt 0:00:02]} 19. Nc4 {[%emt 0:00:02]} Ne3 {[%emt 0:00:03]} 20. Rfc1 {[%emt 0:00:06]} Nxc4 {[%emt 0:00:04]} 21. Rxc4 {[%emt 0:00:01]} Bb6 {[%emt 0:00:00]} 22. Rxc6 {[%emt 0:00:01]} Bb7 {[%emt 0:00:01]} 23. Rc4 {[%emt 0:00:03]} Bd5 {[%emt 0:00:02]} 24. Rg4 {[%emt 0:00:02]} f6 {[%emt 0:00:03]} 25. Nh4 {[%emt 0:00:02]} Rf7 {[%emt 0:00:01]} 26. Nf5 {[%emt 0:00:02]} Kh8 {[%emt 0:00:01] Time (Lag: Av=0.59s, max=2.9s)} 0-1

[Event "Stay Safe Play From Home 296"]
[Site "Emanuel Lasker Arena"]
[Date "2020.07.12"]
[Round "2"]
[White "W Nelles"]
[Black "SoulofWolf"]
[Result "0-1"]
[WhiteElo "1069"]
[BlackElo "2219"]
[Annotator "TA"]
[PlyCount "50"]
[EventDate "2020.07.12"]
[EventType "swiss (blitz)"]

{[%evp 9,50,-30,-24,-32,-21,-29,0,-26,24,-23,26,-67,-62,-345,-247,-415,-262,-693,-143,-1212,-1192,-1139,-1161,-1224,-1239,-1232,-1224,-1473,-1468,-1421,-1408,-1955,-1983,-29990,-29991,-29990,-1982,-2573,-2334,-29991,-29991,-29991,-29992]} 1. e4 c6 2. Bc4 d5 3. exd5 cxd5 4. Bb3 Nc6 5. Ne2 {[#]} Nf6 $146 ({Predecessor:} 5... Bg4 6. f3 Bf5 7. O-O e6 8. d4 Bd6 9. Nbc3 Qc7 10. f4 a6 11. Ng3 Nxd4 {0-1 (31) Pg,L (2301)-Khamrakulov,D (2479) Bandar Seri Begawan 2011}) 6. O-O {B10: Caro-Kann: 2 d3 and 2 c4.} Bg4 7. d3 Bh5 8. Bf4 {The position is equal.} e5 9. Bg3 Bd6 10. Nd2 ({White should play} 10. Bh4 $11) 10... O-O $36 {[%mdl 2048] Black is pushing.} 11. f4 $2 {[%mdl 8192]} (11. Bh4 $15) 11... exf4 12. Bxf4 $2 (12. Bh4) 12... Re8 13. Bxd6 $2 (13. Nf3 Rxe2 14. Bxd6 Bxf3 15. Rxf3) 13... Qxd6 $2 (13... Bxe2 $19 {is more deadly.} 14. Qe1 Bxf1) 14. Nf4 $2 {[%mdl 8192]} (14. Nf3 $17) 14... Bxd1 $19 15. Raxd1 Nd4 16. Kh1 a5 17. Bxd5 Nxd5 18. Nxd5 Qxd5 19. c4 Qc6 20. b3 Re2 {[%csl Ge2][%cal Rc6g2] [#]} 21. Nf3 Nxf3 22. Rxf3 f6 (22... Rae8 $142 23. Rg1 {[#]} Rxg2 $1 {[%mdl 576] Clearance} 24. Kxg2 Re2+ {[%mdl 64] Double Attack} 25. Kg3 Qd6+ 26. Kh4 Qxh2+ 27. Rh3 Qxg1 28. Rg3 Rh2+ 29. Kg4 Qd4+ 30. Kg5 Qf6+ 31. Kg4 h5#) 23. Rdf1 Rae8 24. h3 Rxa2 25. d4 Ree2 {White did not feel at home in the position after the opening. Accuracy: White = 10%, Black = 21%.} 0-1

[Event "Stay Safe Play From Home 296"]
[Site "Emanuel Lasker Arena"]
[Date "2020.07.12"]
[Round "3"]
[White "Broken sword"]
[Black "AChessPlayer"]
[Result "0-1"]
[WhiteElo "2512"]
[BlackElo "2425"]
[Annotator "TA"]
[PlyCount "58"]
[EventDate "2020.07.12"]
[EventType "swiss (blitz)"]

{[%evp 17,58,48,102,58,89,100,115,77,94,73,93,33,41,36,95,74,166,155,152,156,150,131,193,183,207,212,201,197,615,475,379,185,427,412,576,450,522,463,477,328,322,-1725,-1693]} 1. e4 c5 2. Nf3 d6 3. d4 cxd4 4. Nxd4 Nf6 5. Nc3 Nc6 6. Be3 e6 7. f3 a6 8. Qd2 Bd7 9. O-O-O Be7 (9... h5 $14) 10. Kb1 {B80: Sicilian Scheveningen: 6 g3 and 6 Be3, including English Attack.} O-O 11. g4 Nxd4 12. Bxd4 {White is better.} b5 {[%cal Bb7b5,Bb5b4][%mdl 32]} 13. h4 Qc7 14. h5 (14. g5 $16 Nh5 15. Bh3) 14... b4 $1 $14 {[%cal Rb4c3]} 15. Ne2 {[%cal Bc3e2,Be2g3,Bg3f5][%mdl 32]} e5 ({Black should try} 15... Rfc8 $14) 16. Be3 $16 a5 (16... Rfc8 $16) 17. g5 $18 Ne8 18. Ng3 {[#]} Be6 $146 ({Predecessor:} 18... Rc8 19. Nf5 Bxf5 20. exf5 Bd8 21. g6 fxg6 22. fxg6 Rxf3 23. gxh7+ Kxh7 24. Bh3 Rb8 {0-1 (52) Kuehnel,L (1243)-Volz,D (1455) Willingen 2006}) 19. Nf5 $36 {[%mdl 2048] White is really pushing.} d5 (19... Rb8 $16 {keeps fighting.} 20. Ba6 a4) 20. Nxe7+ Qxe7 21. exd5 Rd8 22. Bc4 {And now Bb6 would win.} Nc7 $2 (22... Nd6) 23. d6 {[%mdl 64] [#] Double Attack} Qe8 24. Bb3 (24. h6 $142 {Black must now prevent hxg7.} g6 25. Bb6 {[%mdl 64] Pin} Bxc4 26. Bxc7) 24... Bxb3 $2 (24... Nb5 25. Qh2 Bxb3) 25. axb3 Ne6 26. Qd5 Qd7 27. Qxe5 Rfe8 28. Qf5 Nf8 29. Bf4 $4 {[%mdl 8192] [#]} ({Weaker is} 29. Qxa5 Rxe3 30. Qxb4 Rxf3 $15) (29. Qd3 $18) 29... Qxf5 {What a bad dream for White. Accuracy: White = 45%, Black = 44%.} 0-1

[Event "Stay Safe Play From Home 296"]
[Site "Emanuel Lasker Arena"]
[Date "2020.07.12"]
[Round "3"]
[White "SoulofWolf"]
[Black "Mepe_Nika"]
[Result "0-1"]
[WhiteElo "2219"]
[BlackElo "2375"]
[Annotator "TA"]
[PlyCount "94"]
[EventDate "2020.07.12"]
[EventType "swiss (blitz)"]

{[%evp 16,94,-11,-48,-41,-66,-58,-61,-75,-65,-61,-111,-77,-83,-18,-80,-49,-148,-144,-141,-85,-82,31,-35,0,-632,-633,-741,-689,-681,-581,-718,-716,-950,-950,-940,-924,-977,-916,-1047,-1040,-1225,-1230,-1682,-1668,-2758,-2599,-29997,-921,-1145,-1145,-1133,-1120,-1254,-1237,-4882,-3819,-2773,-3404,-3148,-2969,-4902,-4902,-29987,-29988,-29989,-29990,-29990,-29991,-29991,-29992,-29992,-29993,-29994,-29995,-29995,-29996,-29997,-29998,-29998,-29999]} 1. d4 d5 2. c4 c6 3. Nf3 Nf6 4. Nc3 e6 5. Bg5 Nbd7 6. e3 Qa5 7. Qc2 Ne4 8. Bf4 Bb4 9. Rc1 Qxa2 {D52: Queen's Gambit Declined: Cambridge Springs Variation.} 10. Bd3 Nxc3 11. bxc3 Qxc2 {Black is slightly better.} 12. Rxc2 Be7 13. O-O O-O 14. Ra1 {[#]} b6 $146 ({Black should try} 14... dxc4 $1 $17 15. Bxc4 a5) ({Predecessor:} 14... dxc4 15. Bxc4 a6 16. Bd3 c5 17. Rb2 Nf6 18. c4 cxd4 19. exd4 Rd8 20. Be2 h6 {0-1 (54) Pierantozzi,S (1950)-Piscitelli,V (2047) Alba Adriatica 2009}) 15. Rca2 (15. cxd5 $11 {keeps the balance.} exd5 16. c4 dxc4 17. Bxc4 (17. Rxc4 Bb7 $11)) 15... a5 16. Rb1 (16. c5 $1 $15) 16... Ba6 $17 17. Nd2 Bf6 ({Better is} 17... dxc4 18. Be2 Rfc8) 18. Bc7 e5 (18... Bd8 $17 19. Bg3 dxc4 20. Bxc4 Bxc4 21. Nxc4 b5) 19. Bd6 (19. Bf5 $14 Ra7 20. Bxb6 (20. Bxd7 Rxc7 21. Rxb6 {[%mdl 64] Double Attack} exd4 $11) 20... Nxb6 21. Rxb6) 19... Rfe8 20. c5 $2 {[%mdl 8192] Black continues to play with concentration.} (20. Bf5 $11 Bc8 21. Bc2) 20... Bxd3 $19 21. Rbb2 bxc5 22. dxc5 a4 23. h3 e4 24. Rb4 Bxc3 25. Rb7 Ne5 26. Nf1 Bxf1 27. Kxf1 Nd3 28. Rb1 a3 29. Rb3 Nc1 {[%mdl 64] [#] Double Attack} 30. Raxa3 Nxb3 31. Rxb3 Be5 (31... Ra1+ $142 32. Rb1 Rxb1+ 33. Ke2 Re1#) 32. g3 Bxd6 33. cxd6 Red8 34. d7 Rxd7 35. Kg2 Rc8 36. Rc3 c5 37. h4 h5 38. Rc1 d4 39. Kh3 d3 {Black mates.} 40. Rd1 c4 41. g4 c3 42. gxh5 c2 43. Ra1 d2 44. Rc1 d1=Q 45. Rxd1 cxd1=Q 46. Kg3 Qf3+ 47. Kh2 Rd1 {Accuracy: White = 27%, Black = 33%.} 0-1

[Event "Stay Safe Play From Home 296"]
[Site "Emanuel Lasker Arena"]
[Date "2020.07.12"]
[Round "3"]
[White "Bardellosport"]
[Black "Chase the sun"]
[Result "1-0"]
[WhiteElo "2014"]
[BlackElo "1869"]
[PlyCount "71"]
[EventDate "2020.07.12"]
[EventType "swiss (blitz)"]

{- Lerch, Martin Erik} 1. d4 {[%emt 0:00:01]} e6 {[%emt 0:00:01]} 2. e3 {[%emt 0:00:00]} f5 {[%emt 0:00:01]} 3. f4 {[%emt 0:00:00]} Nf6 {[%emt 0:00:00]} 4. Nf3 {[%emt 0:00:00]} Be7 {[%emt 0:00:00]} 5. Bd3 {[%emt 0:00:00]} O-O {[%emt 0:00:00]} 6. Qe2 {[%emt 0:00:00]} d6 {[%emt 0:00:00]} 7. Nbd2 {[%emt 0:00:00]} Qe8 {[%emt 0:00:01]} 8. e4 {[%emt 0:00:00]} fxe4 {[%emt 0:00:02]} 9. Nxe4 {[%emt 0:00:00]} Nxe4 {[%emt 0:00:00]} 10. Qxe4 {[%emt 0:00:00]} g6 {[%emt 0:00:02]} 11. h4 {[%emt 0:00:01]} Nd7 {[%emt 0:00:00]} 12. h5 {[%emt 0:00:01]} Nf6 {[%emt 0:00:00]} 13. Qe2 {[%emt 0:00:02]} Nxh5 {[%emt 0:00:02]} 14. g4 {[%emt 0:00:01]} Nxf4 {[%emt 0:00:02]} 15. Bxf4 {[%emt 0:00:02]} Rxf4 {[%emt 0:00:00]} 16. Qh2 {[%emt 0:00:00]} Qf7 {[%emt 0:00:03]} 17. Nd2 {[%emt 0:00:04]} e5 {[%emt 0:00:04]} 18. d5 {[%emt 0:00:02]} Bd7 {[%emt 0:00:05]} 19. O-O-O {[%emt 0:00:01]} Rf8 {[%emt 0:00:01]} 20. Rdg1 {[%emt 0:00:03]} Bxg4 {[%emt 0:00:02]} 21. Nf1 {[%emt 0:00:03]} Bf5 {[%emt 0:00:04]} 22. Qxf4 {[%emt 0:00:02]} Bxd3 {[%emt 0:00:02]} 23. Qxf7+ {[%emt 0:00:00]} Rxf7 {[%emt 0:00:01]} 24. cxd3 {[%emt 0:00:00]} c6 {[%emt 0:00:02]} 25. Ne3 {[%emt 0:00:01]} Bd8 {[%emt 0:00:07]} 26. Kd2 {[%emt 0:00:01]} Bb6 {[%emt 0:00:02]} 27. dxc6 {[%emt 0:00:01]} bxc6 {[%emt 0:00:01]} 28. Ke2 {[%emt 0:00:01]} d5 {[%emt 0:00:01]} 29. Ng4 {[%emt 0:00:01]} h5 {[%emt 0:00:02]} 30. Nxe5 {[%emt 0:00:01]} Rf2+ {[%emt 0:00:00]} 31. Ke1 {[%emt 0:00:01]} Rxb2 {[%emt 0:00:02]} 32. Rxg6+ {[%emt 0:00:00]} Kf8 {[%emt 0:00:01]} 33. Rxh5 {[%emt 0:00:00]} Bf2+ {[%emt 0:00:03]} 34. Kf1 {[%emt 0:00:01]} Bd4 {[%emt 0:00:00]} 35. Nxc6 {[%emt 0:00:01]} Rf2+ {[%emt 0:00:04]} 36. Ke1 {[%emt 0:00:01] Chase the sun gibt auf (Lag: Av=0.41s, max=0.8s)} 1-0

[Event "Stay Safe Play From Home 296"]
[Site "Emanuel Lasker Arena"]
[Date "2020.07.12"]
[Round "3"]
[White "Klausen"]
[Black "Physikus"]
[Result "0-1"]
[WhiteElo "1789"]
[BlackElo "2034"]
[PlyCount "64"]
[EventDate "2020.07.12"]
[EventType "swiss (blitz)"]

1. d4 {[%emt 0:00:01]} Nf6 {[%emt 0:00:03]} 2. Nf3 {[%emt 0:00:01]} e6 {[%emt 0:00:01]} 3. c4 {[%emt 0:00:01]} d5 {[%emt 0:00:00]} 4. Nc3 {[%emt 0:00:02]} c6 {[%emt 0:00:01]} 5. e3 {[%emt 0:00:02]} Nbd7 {[%emt 0:00:00]} 6. Qc2 {[%emt 0:00:01]} Bb4 {[%emt 0:00:00]} 7. Bd3 {[%emt 0:00:01]} O-O {[%emt 0:00:01]} 8. O-O {[%emt 0:00:01]} a6 {[%emt 0:00:00]} 9. Rd1 {[%emt 0:00:01]} dxc4 {[%emt 0:00:00]} 10. Bxc4 {[%emt 0:00:01]} b5 {[%emt 0:00:01]} 11. Bd3 {[%emt 0:00:01]} Bb7 {[%emt 0:00:00]} 12. e4 {[%emt 0:00:01]} Rc8 {[%emt 0:00:01]} 13. e5 {[%emt 0:00:01]} Nd5 {[%emt 0:00:02]} 14. Bxh7+ {[%emt 0:00:01]} Kh8 {[%emt 0:00:00]} 15. Be4 {[%emt 0:00:01]} c5 {[%emt 0:00:01]} 16. Bxd5 {[%emt 0:00:08]} exd5 {[%emt 0:00:02]} 17. Qe2 {[%emt 0:00:02]} cxd4 {[%emt 0:00:02]} 18. Nxd4 {[%emt 0:00:02]} Re8 {[%emt 0:00:01]} 19. Qh5+ {[%emt 0:00:04]} Kg8 {[%emt 0:00:02]} 20. f4 {[%emt 0:00:02]} Rxc3 {[%emt 0:00:05]} 21. bxc3 {[%emt 0:00:03]} Bxc3 {[%emt 0:00:00]} 22. Rb1 {[%emt 0:00:00]} Qb6 {[%emt 0:00:02]} 23. Be3 {[%emt 0:00:01]} Nc5 {[%emt 0:00:01]} 24. Nf5 {[%emt 0:00:02]} g6 {[%emt 0:00:01]} 25. Nh6+ {[%emt 0:00:02]} Kg7 {[%emt 0:00:00]} 26. Qh4 {[%emt 0:00:01]} d4 {[%emt 0:00:04]} 27. Bf2 {[%emt 0:00:03]} Ne4 {[%emt 0:00:02]} 28. Ng4 {[%emt 0:00:04]} Rh8 {[%emt 0:00:02]} 29. Qf6+ {[%emt 0:00:03]} Nxf6 {[%emt 0:00:01]} 30. exf6+ {[%emt 0:00:01]} Kg8 {[%emt 0:00:01]} 31. Bxd4 {[%emt 0:00:01]} Bxd4+ {[%emt 0:00:01]} 32. Kh1 {[%emt 0:00:01]} Rh3 {[%emt 0:00:03] Zeit (Lag: Av=0.34s, max=1.1s) .} 0-1

[Event "Stay Safe Play From Home 296"]
[Site "Emanuel Lasker Arena"]
[Date "2020.07.12"]
[Round "3"]
[White "Konmos"]
[Black "sadbat1122"]
[Result "1-0"]
[WhiteElo "1766"]
[BlackElo "1292"]
[Annotator "NA"]
[PlyCount "53"]
[EventDate "2020.07.12"]
[EventType "swiss (blitz)"]

1. d4 {[%emt 0:00:01]} e6 {[%emt 0:00:01]} 2. c4 {[%emt 0:00:01]} d5 {[%emt 0:00:01]} 3. Nc3 {[%emt 0:00:00]} Nf6 {[%emt 0:00:01]} 4. Bg5 {[%emt 0:00:00]} Nbd7 {[%emt 0:00:01]} 5. Bxf6 {[%emt 0:00:00]} Nxf6 {[%emt 0:00:02]} 6. Nf3 {[%emt 0:00:00]} c6 {[%emt 0:00:01]} 7. e3 {[%emt 0:00:00]} Bb4 {[%emt 0:00:02]} 8. Qc2 {[%emt 0:00:01]} Ne4 {[%emt 0:00:02]} 9. Bd3 {[%emt 0:00:02]} Nxc3 {[%emt 0:00:04]} 10. bxc3 {[%emt 0:00:01]} Be7 {[%emt 0:00:05]} 11. Bxh7 {[%emt 0:00:01]} g6 {[%emt 0:00:02]} 12. Bxg6 {[%emt 0:00:01]} fxg6 {[%emt 0:00:01]} 13. Qxg6+ {[%emt 0:00:00]} Kd7 {[%emt 0:00:02]} 14. Ne5+ {[%emt 0:00:00]} Kc7 {[%emt 0:00:02]} 15. Qg3 {[%emt 0:00:05]} Qg8 {[%emt 0:00:06]} 16. Ng6+ {[%emt 0:00:03]} Bd6 {[%emt 0:00:03]} 17. Ne5 {[%emt 0:00:05]} Qxg3 {[%emt 0:00:04]} 18. fxg3 {[%emt 0:00:01]} Bxe5 {[%emt 0:00:02]} 19. dxe5 {[%emt 0:00:00]} dxc4 {[%emt 0:00:02]} 20. Ke2 {[%emt 0:00:00]} Bd7 {[%emt 0:00:02]} 21. Raf1 {[%emt 0:00:02]} Raf8 {[%emt 0:00:02]} 22. h4 {[%emt 0:00:03]} b5 {[%emt 0:00:03]} 23. g4 {[%emt 0:00:03]} c5 {[%emt 0:00:02]} 24. h5 {[%emt 0:00:01]} Rfg8 {[%emt 0:00:02]} 25. Rh4 {[%emt 0:00:02]} Rg5 {[%emt 0:00:02]} 26. h6 {[%emt 0:00:03]} Kc6 {[%emt 0:00:04]} 27. h7 {[%emt 0:00:05] Time (Lag: Av=0.84s, max=1.8s)} 1-0

[Event "Stay Safe Play From Home 296"]
[Site "Emanuel Lasker Arena"]
[Date "2020.07.12"]
[Round "3"]
[White "Trotsky"]
[Black "Buzaglo"]
[Result "0-1"]
[WhiteElo "1584"]
[BlackElo "1837"]
[Annotator "NA"]
[PlyCount "74"]
[EventDate "2020.07.12"]
[EventType "swiss (blitz)"]

1. d4 {[%emt 0:00:01]} e6 {[%emt 0:00:00]} 2. e3 {[%emt 0:00:00]} d5 {[%emt 0:00:01]} 3. c4 {[%emt 0:00:01]} Nf6 {[%emt 0:00:00]} 4. Nc3 {[%emt 0:00:01]} c5 {[%emt 0:00:01]} 5. Nf3 {[%emt 0:00:01]} cxd4 {[%emt 0:00:00]} 6. exd4 {[%emt 0:00:01]} Bb4 {[%emt 0:00:02]} 7. Be3 {[%emt 0:00:01]} O-O {[%emt 0:00:01]} 8. Qc2 {[%emt 0:00:01]} dxc4 {[%emt 0:00:01]} 9. Bxc4 {[%emt 0:00:01]} Nc6 {[%emt 0:00:01]} 10. O-O-O {[%emt 0:00:02]} Na5 {[%emt 0:00:01]} 11. Bd3 {[%emt 0:00:02]} g6 {[%emt 0:00:02]} 12. h4 {[%emt 0:00:01]} h5 {[%emt 0:00:01]} 13. Ng5 {[%emt 0:00:01]} Bxc3 {[%emt 0:00:03]} 14. bxc3 {[%emt 0:00:01]} Nd5 {[%emt 0:00:01]} 15. Bxg6 {[%emt 0:00:01]} f5 {[%emt 0:00:03]} 16. g4 {[%emt 0:00:03]} Nxe3 {[%emt 0:00:04]} 17. fxe3 {[%emt 0:00:02]} Qf6 {[%emt 0:00:02]} 18. gxh5 {[%emt 0:00:02]} Nc4 {[%emt 0:00:03]} 19. Bh7+ {[%emt 0:00:01]} Kg7 {[%emt 0:00:02]} 20. h6+ {[%emt 0:00:02]} Kh8 {[%emt 0:00:01]} 21. Rdg1 {[%emt 0:00:02]} Nxe3 {[%emt 0:00:01]} 22. Qd3 {[%emt 0:00:07]} Ng4 {[%emt 0:00:01]} 23. d5 {[%emt 0:00:08]} Nxh6 {[%emt 0:00:01]} 24. Nf3 {[%emt 0:00:03]} Kxh7 {[%emt 0:00:01]} 25. h5 {[%emt 0:00:03]} Rg8 {[%emt 0:00:04]} 26. Rg6 {[%emt 0:00:02]} Rxg6 {[%emt 0:00:01]} 27. hxg6+ {[%emt 0:00:01]} Qxg6 {[%emt 0:00:00]} 28. Nh4 {[%emt 0:00:02]} Kg7 {[%emt 0:00:00]} 29. Nxg6 {[%emt 0:00:01]} Kxg6 {[%emt 0:00:00]} 30. Qh3 {[%emt 0:00:01]} Kf6 {[%emt 0:00:00]} 31. Qxh6+ {[%emt 0:00:01]} Ke7 {[%emt 0:00:00]} 32. Re1 {[%emt 0:00:01]} Kd6 {[%emt 0:00:00]} 33. Qg7 {[%emt 0:00:01]} Kc5 {[%emt 0:00:00]} 34. Qd4+ {[%emt 0:00:01]} Kd6 {[%emt 0:00:01]} 35. c4 {[%emt 0:00:00]} e5 {[%emt 0:00:01]} 36. c5+ {[%emt 0:00:00]} Kd7 {[%emt 0:00:01] '} 37. Qxe5 {[%emt 0:00:01]} b5 {[%emt 0:00:05] Âðåìÿ (Lag: Av=0.40s, max=0.5s)} 0-1

[Event "Stay Safe Play From Home 296"]
[Site "Emanuel Lasker Arena"]
[Date "2020.07.12"]
[Round "3"]
[White "W Nelles"]
[Black "Klasman"]
[Result "0-1"]
[WhiteElo "1069"]
[BlackElo "1343"]
[Annotator "NA"]
[PlyCount "46"]
[EventDate "2020.07.12"]
[EventType "swiss (blitz)"]

1. e4 {[%emt 0:00:01]} f5 {[%emt 0:00:03]} 2. exf5 {[%emt 0:00:01]} Nf6 {[%emt 0:00:01]} 3. d4 {[%emt 0:00:01]} d5 {[%emt 0:00:01]} 4. Nc3 {[%emt 0:00:01]} Bxf5 {[%emt 0:00:03]} 5. Bg5 {[%emt 0:00:02]} e6 {[%emt 0:00:01]} 6. Bxf6 {[%emt 0:00:01]} Qxf6 {[%emt 0:00:01]} 7. Nf3 {[%emt 0:00:01]} Bb4 {[%emt 0:00:02]} 8. Ne5 {[%emt 0:00:01]} O-O {[%emt 0:00:03]} 9. a3 {[%emt 0:00:03]} Bd6 {[%emt 0:00:03]} 10. f4 {[%emt 0:00:03]} Bxe5 {[%emt 0:00:04]} 11. dxe5 {[%emt 0:00:02]} Qh6 {[%emt 0:00:03]} 12. Be2 {[%emt 0:00:04]} Qxf4 {[%emt 0:00:02]} 13. g3 {[%emt 0:00:03]} Qxe5 {[%emt 0:00:03]} 14. Rf1 {[%emt 0:00:07]} Nc6 {[%emt 0:00:03]} 15. Rf4 {[%emt 0:00:07]} d4 {[%emt 0:00:03]} 16. Nb5 {[%emt 0:00:04]} Be4 {[%emt 0:00:06]} 17. Rxe4 {[%emt 0:00:07]} Qxe4 {[%emt 0:00:02]} 18. Nxc7 {[%emt 0:00:01]} Rac8 {[%emt 0:00:04]} 19. Nb5 {[%emt 0:00:02]} d3 {[%emt 0:00:02]} 20. cxd3 {[%emt 0:00:02]} Qh1+ {[%emt 0:00:02]} 21. Kd2 {[%emt 0:00:01]} Qxh2 {[%emt 0:00:01]} 22. Nd6 {[%emt 0:00:03]} Qxg3 {[%emt 0:00:01]} 23. Nxc8 {[%emt 0:00:02]} Qf4+ {[%emt 0:00:01] Zeit (Lag: Av=0.73s, max=1.2s)} 0-1

[Event "Stay Safe Play From Home 296"]
[Site "Emanuel Lasker Arena"]
[Date "2020.07.12"]
[Round "4"]
[White "AChessPlayer"]
[Black "Mepe_Nika"]
[Result "1-0"]
[WhiteElo "2447"]
[BlackElo "2385"]
[Annotator "TA"]
[PlyCount "63"]
[EventDate "2020.07.12"]
[EventType "swiss (blitz)"]

{[%evp 9,62,-56,-21,-99,25,-145,-144,-146,-89,-86,210,10,585,596,913,338,658,414,1352,415,436,432,618,588,745,733,693,643,582,396,629,437,408,241,302,228,225,214,466,174,234,184,195,199,185,190,294,206,392,410,412,408,490,490,29999]} 1. d4 d5 2. Bf4 c5 3. dxc5 Nc6 4. c3 e5 5. Bg3 Bxc5 {[#]} (5... h5 $5 {[%cal Rh5h4]} 6. Nf3 e4 $11) 6. Nf3 $146 {D00: 1 d4 d5: Unusual lines.} (6. b4 $11 {remains equal.} Bd6 7. Nf3) ({Predecessor:} 6. e3 Nf6 7. Nf3 Bg4 8. Be2 Qe7 9. Nbd2 Rd8 10. Nb3 Bb6 11. Qc2 O-O 12. Rd1 {0-1 (25) Gafke,M (1887)-Wendrich,F Dresden 2013}) 6... Qb6 (6... e4 $17 7. Nd4 Qb6) 7. e3 $2 (7. b4 $11 Be7 8. Nxe5) 7... Qxb2 $17 8. Nbd2 {Black is clearly better.} e4 (8... Qxc3 9. Bb5 $15) (8... f6 $142 9. Be2 Nge7) 9. Nd4 Qxc3 $2 {[%mdl 8192]} (9... Bxd4 10. cxd4 Nge7 11. Qc1 $11) (9... Nxd4 $17 10. exd4 Be7) 10. Rc1 $2 {White leaves nothing to chance now.} ({White has to play} 10. Nb5 $18 Qa5 11. Nc7+ {[%mdl 64] Double Attack} Ke7 12. Rb1 (12. Nxa8 Nf6 $18)) 10... Qa3 $2 {[%mdl 8192]} (10... Bxd4 $11 11. Rxc3 Bxc3) 11. Nb5 $18 Qa5 {With the idea ...Bb6.} 12. Nc7+ $2 (12. Rxc5 Kf8 13. Bd6+ Nge7 14. Nc7 Qxa2 15. Nxa8) 12... Kd7 $2 (12... Kf8 13. Nxa8 Nge7) 13. Nxa8 Bd6 (13... Nf6 $142 14. Be2 Bd6) 14. Bxd6 (14. Qg4+ $142 Kd8 15. Qxg7) 14... Kxd6 15. Be2 Nge7 (15... Nf6 $142 16. O-O Ke7) 16. O-O {[#] Threatens to win with Nc4+.} Ke6 17. Nb3 Qd8 18. Nc5+ Kf6 19. Qb3 b6 (19... Kg6 $142 20. Bb5 Qd6) 20. Qb2+ Kg6 21. Nb3 (21. Nxe4 $142 {Strongly threatening Ng3.} f6 22. Qb5) 21... Bb7 22. Nxb6 Qxb6 23. Rfd1 {Bh5+! is the strong threat.} Rd8 $2 (23... f6 {was necessary.} 24. Qa3 h5) 24. Qd2 $2 (24. Bh5+ Kxh5 25. Qxg7 {[%mdl 64] Double Attack}) 24... f5 (24... h6 $142 25. Rb1 Qc7) 25. Nd4 Nxd4 26. Qxd4 Qxd4 27. Rxd4 ({Resist} 27. exd4 Bc6 $16) 27... Rd7 (27... Bc6 {was worth a try.} 28. Rd2 f4) 28. Rb4 {And now Bb5 would win.} Nc6 $2 {[#]} (28... Kf6 29. Ra4 Nc8) 29. Rxb7 $1 {[%mdl 576] Remove Defender} Rxb7 30. Rxc6+ Kg5 31. g3 {[%csl Gg3][%cal Rh2h4]} Rb2 (31... g6 $18 32. a4 Kh6) 32. h4# {Accuracy: White = 25%, Black =  6%.} 1-0